Rugby World Cup final try scorers - Statistics

General Stats
  • This quiz has been taken 587 times
    586 since last reset
  • The average score is 3 of 11
Answer Stats
Hint Answer % Correct
2003 - ENG Jason Robinson
79%
2011 - NZ Tony Woodcock
61%
1987 - NZ John Kirwan
35%
2011 - FRA Thierry Dusautoir
34%
1987 - NZ David Kirk
28%
1987 - NZ Michael Jones
28%
2003 - AUS Lote Tuquiri
19%
1999 - AUS Ben Tune
13%
1999 - AUS Owen Finegan
12%
1991 - AUS Tony Daly
12%
1987 - FRA Pierre Berbizier
7%
No matching quizzes found
Score Distribution
Percent of People with Each Score
Percentile by Number Answered
Your Score History
You have not taken this quiz since the last reset